đź“–150 premiers mots "Les possibles" Virginie Grimaldi - Statistiques

Statistiques générales
  • Ce quiz a Ă©tĂ© pris 17 fois
  • Le rĂ©sultat moyen est 73 sur 150
Statistiques - réponses
Mots % Correct
Ă 
92%
a
92%
j'
92%
Juliane !
92%
m'
92%
- Pa-pa-pa-pa-pa-pa-pa-pa !
92%
C'
83%
c'
83%
Codec,
83%
de
83%
des
83%
est
83%
et
83%
il
83%
l'
83%
la
83%
La
83%
le
83%
une
83%
avais
75%
en
75%
les
75%
Ma
75%
ma
75%
mère,
75%
mon
75%
mon ...
75%
n'
75%
père
75%
qu'
75%
que
75%
qui
75%
du
67%
elles
67%
avec
58%
était
58%
eu
50%
ne
50%
premier
50%
su
50%
autre
42%
cette
42%
ont
42%
ses
42%
son
42%
Sur
42%
sur
42%
mot
33%
mot,
33%
Papa.
33%
"papa".
33%
sans
33%
aie
25%
chaise
25%
encore
25%
encore.
25%
lui.
25%
- Ma-man,
25%
prononcer.
25%
sont
25%
voix
25%
articulé
17%
Assise
17%
bois,
17%
caissière
17%
chérie !
17%
haute
17%
ouvert
17%
partie
17%
personnes
17%
syllabes,
17%
vent
17%
visage
17%
anecdote
8%
boulanger,
8%
- Bravo,
8%
Bravo,
8%
chef
8%
collègues
8%
conviction
8%
couvert
8%
déflagration
8%
discours.
8%
écran,
8%
employé
8%
enchaîne
8%
encourage
8%
évènement :
8%
factrice,
8%
fièrement
8%
hilarité
8%
infime
8%
Lors
8%
mariage,
8%
mesurer
8%
nourrice,
8%
orange,
8%
parents,
8%
pédiatre,
8%
provoquant
8%
provoquent
8%
purée
8%
répéter,
8%
saute.
8%
service,
8%
station-
8%
tente
8%
usine,
8%
vidéo
8%
Aucun quiz correspondant
Distribution des résultats
% des personnes avec chaque résultat
Percentile par nombre de réponses
Votre historique - résultats
Vous n’avez pas pris ce quiz